Welcome to CU Library Online Public Access Catalogue (OPAC)

Counting what Counts (Record no. 9222)

MARC details
000 -LEADER
fixed length control field 00510nam a22001577a 4500
005 - DATE AND TIME OF LATEST TRANSACTION
control field 20260415162432.0
008 - FIXED-LENGTH DATA ELEMENTS--GENERAL INFORMATION
fixed length control field 260415b |||||||| |||| 00| 0 eng d
020 ## - INTERNATIONAL STANDARD BOOK NUMBER
International Standard Book Number 9780738203133
050 ## - LIBRARY OF CONGRESS CALL NUMBER
Classification number HF5657.4 EPS
100 ## - MAIN ENTRY--PERSONAL NAME
Personal name Epstein, Marc J.
245 ## - TITLE STATEMENT
Title Counting what Counts
Remainder of title turning corporate accountability to competitive advantage
Statement of responsibility, etc. Marc J. Epstein & Bill Birchard
260 ## - PUBLICATION, DISTRIBUTION, ETC.
Place of publication, distribution, etc. Cambridge, Massachusetts
Name of publisher, distributor, etc. Perseus Books
Date of publication, distribution, etc. 2000
300 ## - PHYSICAL DESCRIPTION
Extent xi. 307p.
Dimensions 23.5cm
700 ## - ADDED ENTRY--PERSONAL NAME
Personal name Birchard, Bill
942 ## - ADDED ENTRY ELEMENTS (KOHA)
Source of classification or shelving scheme Library of Congress Classification
Koha item type Books
Suppress in OPAC No
999 ## -
-- 9222
-- 9222
Holdings
Withdrawn status Lost status Source of classification or shelving scheme Damaged status Not for loan Collection Home library Current library Shelving location Date acquired Total checkouts Full call number Barcode Date last seen Copy number Price effective from Koha item type
    Library of Congress Classification     Non-fiction Business Library (Miotso) Business Library (Miotso) General stacks 04/15/2026   HF5657.4 EPS BSSM00003186 04/15/2026 1 04/15/2026 Books
© 2023-2024 Copyright: Central University Libraries. All Rights Reserved | Created by: Mahone Tech Office